01647nam a2200397 u 4500001001000000003000900010005001700019007000300036008004100039020001800080040003000098082002300128100003900151245010400190250001200294264003500306300002700341336002800368337003500396338003100431490002400462490004200486500007300528500005700601590002300658650003100681650004600712650002000758650004000778830006900818910003700887942001400924952015600938952014001094999001501234000002657DO-SdBNP20251212084845.0ta090703s2006 dr r 000 0 spa d a9789945856606 aDO-SdBNPbspacBNPHUerda 4a336.098bG633m2221 aGómez Sabaini, J.,qJuan 96464110aManual de finanzas públicas y política tributaria / cJ. Gómez Sabaini ; H. González Cano. a2a. ed. aSanto Domingo :bINCAT,c2006. a230 páginas ;c21cm. 2rdacontent atextobtxt 2rdamedia asin mediación bn 2rdacarrier avolumen bnc1 aPublicaciones INCAT1 aManuales de finanzas públicas ;v15 aIncluye referencias bibliográficas y notas al pie de las páginas aIncluye datos biográficos del autor en las solapas aInventariado, 2024 0aFinanzas públicas932168 0aPolítica fiscal98379zAmérica Latina 0aImpuestos98380 4aImpuestoszAmérica Latina 985876 0a Publicaciones INCAT98383pManuales de finanzas públicas ; 15 aValidado. Control de calidad MFF 2ddccLBS1 00102ddc51708PDaBNPHUbBNPHUcHDd2015-06-03eDepósito Legall0oBNPHU PD 336.8 G633mp2657-20r2020-06-25te. 2w2020-06-25yLBS1ZNo se presta 00102ddc51708PDaBNPHUbBNPHUcHDd2009-07-03e060230l0oBNPHU PD 336.8 G633mp2657-10r2020-06-25w2020-06-25yLBS1ZNo se presta c2493d2493